000
00282nam a22001217a 4500
005
20250923114246.0
008
250923b |||||||| |||| 00| 0 eng d
050
_a
PQ845
_b
AUJ
245
_a
AUJOURD'HUI... MAIS DEMAIN?
260
_a
IBADAN
_c
1978
300
_a
63p
942
_2
lcc
_c
BK
_n
0
999
_c
7637
_d
7637